[Event "42nd Guernsey Open 2016"]
[Site "Vale GCI"]
[Date "2016.10.18"]
[Round "3.9"]
[White "French, Max"]
[Black "Havenaar, Jan"]
[Result "1-0"]
[WhiteElo "1983"]
[BlackElo "2071"]
[PlyCount "85"]
[EventDate "2016.10.16"]
[EventType "swiss"]
[EventRounds "7"]
[EventCountry "GCI"]

1. d4 e6 2. c4 f5 3. Nc3 Nf6 4. g3 Bb4 5. Bg5 O-O 6. Bg2 c5 7. e3 d6 8. Nge2 h6
9. Bxf6 Qxf6 10. O-O Nc6 11. Nb5 cxd4 12. Nexd4 Nxd4 13. exd4 Qd8 14. c5 dxc5
15. a3 Qd7 16. Qe2 c4 17. Qxc4 Be7 18. Nc7 Rb8 19. Nxe6 b5 20. Nxf8+ Kxf8 21.
Qd3 Bf6 22. Rfd1 Bb7 23. Bxb7 Rxb7 24. b4 Rc7 25. Rac1 Rxc1 26. Rxc1 f4 27. Qc3
fxg3 28. Qc8+ Qxc8 29. Rxc8+ Kf7 30. hxg3 Bxd4 31. Kf1 Ke6 32. Rc2 h5 33. Ke2
Bb6 34. Kf3 Kf5 35. Rd2 Ke5 36. Rd7 g6 37. Ke2 Ke6 38. Rd1 Bc7 39. Rc1 Bb6 40.
Rc6+ Kd5 41. Rxg6 Bd4 42. Rg5+ Kc4 43. Rxh5 1-0

[Event "42nd Guernsey Open 2016"]
[Site "Vale GCI"]
[Date "2016.10.18"]
[Round "3.9"]
[White "Kraft, Karl Heinz"]
[Black "Sedgwick, David R"]
[Result "1/2-1/2"]
[WhiteElo "2044"]
[BlackElo "1970"]
[PlyCount "41"]
[EventDate "2016.10.16"]
[EventType "swiss"]
[EventRounds "7"]
[EventCountry "GCI"]

1. e4 c5 2. c3 e6 3. d4 d5 4. exd5 exd5 5. Bb5+ Nc6 6. Nf3 cxd4 7. Nxd4 Bd7 8.
O-O Nf6 9. Re1+ Be7 10. Bxc6 bxc6 11. Qe2 c5 12. Nb3 Be6 13. Bg5 O-O 14. N1d2
Qd6 15. Nf3 Rfe8 16. Ne5 h6 17. Bh4 g5 18. Bg3 Qb6 19. f3 d4 20. Nc4 Qa6 21.
Ne5 1/2-1/2

[Event "42nd Guernsey Open 2016"]
[Site "Vale GCI"]
[Date "2016.10.18"]
[Round "3.9"]
[White "Taylor, Mark V"]
[Black "Rowe, Peter"]
[Result "1/2-1/2"]
[WhiteElo "2031"]
[BlackElo "1964"]
[PlyCount "72"]
[EventDate "2016.10.16"]
[EventType "swiss"]
[EventRounds "7"]
[EventCountry "GCI"]

1. d4 d6 2. e4 Nf6 3. Nc3 e5 4. Nf3 Nbd7 5. Bc4 Be7 6. O-O O-O 7. Re1 c6 8. a4
a5 9. h3 Qc7 10. b3 exd4 11. Nxd4 Nc5 12. Ba3 Rd8 13. Qe2 Nfd7 14. Qe3 Bf6 15.
Rad1 Ne5 16. Bf1 b6 17. f4 Ng6 18. g3 Nb7 19. Bg2 Bd7 20. Kh2 Re8 21. Qf3 Rac8
22. Re2 Bxd4 23. Rxd4 c5 24. Nd5 Qd8 25. Rd1 Bc6 26. Red2 Ne7 27. Bb2 Bxd5 28.
exd5 Nf5 29. Re2 Rxe2 30. Qxe2 Qe8 31. Qd3 Nd4 32. Rd2 Qe1 33. Bxd4 cxd4 34.
Re2 Qc3 35. Qa6 Qc7 36. Qd3 Qc3 1/2-1/2

[Event "42nd Guernsey Open 2016"]
[Site "Vale GCI"]
[Date "2016.10.18"]
[Round "3.9"]
[White "Spanton, Timothy R"]
[Black "Wager, John D"]
[Result "1/2-1/2"]
[WhiteElo "1969"]
[BlackElo "2027"]
[PlyCount "58"]
[EventDate "2016.10.16"]
[EventType "swiss"]
[EventRounds "7"]
[EventCountry "GCI"]

1. e4 e5 2. Nf3 Nf6 3. Nxe5 d6 4. Nf3 Nxe4 5. Qe2 Qe7 6. d3 Nf6 7. Bg5 Be6 8.
Nc3 Nbd7 9. Nd4 h6 10. Bh4 O-O-O 11. O-O-O g5 12. Bg3 Nd5 13. Nxd5 Bxd5 14.
Qxe7 Bxe7 15. c4 Be6 16. Nxe6 fxe6 17. d4 Bf6 18. Be2 h5 19. h3 Rde8 20. Rhe1
e5 21. d5 e4 22. f3 exf3 23. Bxf3 Ne5 24. Bxe5 Bxe5 25. Kc2 Ref8 26. Rf1 Rf4
27. Be2 Rhf8 28. Rxf4 Rxf4 29. Rf1 Rxf1 1/2-1/2

[Event "42nd Guernsey Open 2016"]
[Site "Vale GCI"]
[Date "2016.10.18"]
[Round "3.9"]
[White "Bakker, Joop"]
[Black "Milnes, Anthony CP"]
[Result "1/2-1/2"]
[WhiteElo "1868"]
[BlackElo "2019"]
[PlyCount "43"]
[EventDate "2016.10.16"]
[EventType "swiss"]
[EventRounds "7"]
[EventCountry "GCI"]

1. g3 f5 2. Bg2 Nf6 3. d3 e5 4. Nf3 d6 5. c4 Be7 6. Nc3 O-O 7. O-O Qe8 8. Bg5
h6 9. Bxf6 Bxf6 10. Nd5 Bd8 11. b4 Qh5 12. e3 c6 13. Nc3 f4 14. Nd2 Bg4 15. Bf3
Bxf3 16. Qxf3 Qg5 17. Nde4 Qg6 18. exf4 exf4 19. Kh1 fxg3 20. Qxg3 Qxg3 21.
fxg3 Bc7 22. Rxf8+ 1/2-1/2

[Event "42nd Guernsey Open 2016"]
[Site "Vale GCI"]
[Date "2016.10.18"]
[Round "3.9"]
[White "Tunge, Christian"]
[Black "Hickman, John E"]
[Result "1-0"]
[WhiteElo "2018"]
[BlackElo "1926"]
[PlyCount "63"]
[EventDate "2016.10.16"]
[EventType "swiss"]
[EventRounds "7"]
[EventCountry "GCI"]

1. d4 d6 2. Nf3 g6 3. Bf4 Bg7 4. h3 Nd7 5. e3 e5 6. Bh2 Qe7 7. Be2 Ngf6 8. c4
Ne4 9. O-O O-O 10. Nbd2 Nxd2 11. Qxd2 b6 12. b4 Bb7 13. Rac1 c5 14. Rfd1 cxd4
15. exd4 e4 16. Ne1 Rfe8 17. Bf4 a5 18. a3 axb4 19. axb4 Ra4 20. c5 bxc5 21.
dxc5 Ne5 22. cxd6 Qe6 23. Bb5 Ra2 24. Qxa2 Qxa2 25. Bxe8 Nd3 26. Nxd3 exd3 27.
Bc6 Bxc6 28. Rxc6 Bd4 29. d7 Qxf2+ 30. Kh1 Bf6 31. Rxf6 Qd4 32. Rd6 1-0

[Event "42nd Guernsey Open 2016"]
[Site "Vale GCI"]
[Date "2016.10.18"]
[Round "3.9"]
[White "Dilleigh, Stephen P"]
[Black "Markering, Martin"]
[Result "1-0"]
[WhiteElo "2004"]
[BlackElo "1922"]
[PlyCount "71"]
[EventDate "2016.10.16"]
[EventType "swiss"]
[EventRounds "7"]
[EventCountry "GCI"]

1. Nf3 Nf6 2. c4 g6 3. Nc3 c6 4. d4 d5 5. cxd5 cxd5 6. Bf4 Qa5 7. e3 a6 8. Bd3
Nc6 9. O-O Bg7 10. h3 O-O 11. a3 b5 12. b4 Qd8 13. Qb3 Bb7 14. a4 a5 15. axb5
Nxb4 16. Be2 Nd7 17. Rfc1 Re8 18. Na4 e5 19. dxe5 Nxe5 20. Nxe5 Bxe5 21. Bxe5
Rxe5 22. Nc5 Bc8 23. Qc3 Re8 24. Qd4 Bf5 25. Bf3 Rb8 26. g4 Be6 27. Be2 Bc8 28.
Ra4 Ra8 29. Rb1 Be6 30. Nd3 Nxd3 31. Bxd3 Qh4 32. Kg2 h5 33. Be2 Reb8 34. b6
Qd8 35. b7 hxg4 36. hxg4 1-0

[Event "42nd Guernsey Open 2016"]
[Site "Vale GCI"]
[Date "2016.10.18"]
[Round "3.9"]
[White "Norman, Kenneth I"]
[Black "Canonne, Antoine"]
[Result "1/2-1/2"]
[WhiteElo "2147"]
[BlackElo "1928"]
[PlyCount "40"]
[EventDate "2016.10.16"]
[EventType "swiss"]
[EventRounds "7"]
[EventCountry "GCI"]

1. Nf3 Nc6 2. d4 d5 3. g3 Bg4 4. Bg2 e6 5. O-O Nf6 6. c4 Bxf3 7. Bxf3 Be7 8.
Nc3 O-O 9. cxd5 exd5 10. Bf4 Qd7 11. Rc1 Rfd8 12. Be5 Rac8 13. Bxf6 Bxf6 14. e3
Ne7 15. Bg4 Nf5 16. Nxd5 Qxd5 17. Rc5 Qxc5 18. dxc5 Rxd1 19. Rxd1 Nxe3 20. fxe3
Rd8 1/2-1/2

[Event "42nd Guernsey Open 2016"]
[Site "Vale GCI"]
[Date "2016.10.18"]
[Round "3.9"]
[White "De Kruif, Kees"]
[Black "Fassaert, Desire JM"]
[Result "1/2-1/2"]
[WhiteElo "1986"]
[BlackElo "1919"]
[PlyCount "68"]
[EventDate "2016.10.16"]
[EventType "swiss"]
[EventRounds "7"]
[EventCountry "GCI"]

1. c4 c5 2. g3 g6 3. Bg2 Bg7 4. Nc3 Nc6 5. d3 e6 6. e4 Nge7 7. Nge2 O-O 8. O-O
d6 9. h3 b6 10. Kh2 Bb7 11. Rb1 Qd7 12. a3 f5 13. Bg5 Nd4 14. Nxd4 Bxd4 15. Bh6
Rf7 16. Qd2 Bg7 17. Bxg7 Kxg7 18. f4 Nc6 19. exf5 exf5 20. Rbe1 Re8 21. Rxe8
Qxe8 22. Nb5 Qd7 23. Re1 Re7 24. Bd5 Nd4 25. Nxd4 Rxe1 26. Qxe1 Bxd5 27. cxd5
cxd4 28. Qb4 Qe7 29. Qxd4+ Kh6 30. Qf2 Qf7 31. Qf3 Qf6 32. Qf2 Qf7 33. Qd4 Qe7
34. Qf2 Qf7 1/2-1/2

[Event "42nd Guernsey Open 2016"]
[Site "Vale GCI"]
[Date "2016.10.18"]
[Round "3.9"]
[White "Hawkins, James NH"]
[Black "Campbell, Ian"]
[Result "1/2-1/2"]
[WhiteElo "1944"]
[BlackElo "1985"]
[PlyCount "26"]
[EventDate "2016.10.16"]
[EventType "swiss"]
[EventRounds "7"]
[EventCountry "GCI"]

1. c4 c5 2. Nc3 Nc6 3. g3 g6 4. Bg2 Bg7 5. d3 d6 6. e3 e6 7. Nge2 Nge7 8. O-O
O-O 9. Bd2 Bd7 10. h3 h6 11. Kh2 Kh7 12. a3 a6 13. Qc2 Qc7 1/2-1/2

[Event "42nd Guernsey Open 2016"]
[Site "Vale GCI"]
[Date "2016.10.18"]
[Round "3.9"]
[White "Lehmann, Stefan"]
[Black "Von Saldern, Ruediger"]
[Result "1-0"]
[WhiteElo "1970"]
[BlackElo "1914"]
[PlyCount "61"]
[EventDate "2016.10.16"]
[EventType "swiss"]
[EventRounds "7"]
[EventCountry "GCI"]

1. e4 e5 2. f4 exf4 3. Nf3 g5 4. Bc4 d6 5. O-O Nc6 6. d4 Bg4 7. c3 Bxf3 8. Qxf3
Qd7 9. Bb5 a6 10. Ba4 b5 11. Bb3 Na5 12. e5 Rb8 13. e6 fxe6 14. Qh5+ Qf7 15.
Qxg5 Bh6 16. Qh4 Nxb3 17. axb3 Rb6 18. Bxf4 Bxf4 19. Rxf4 Qg6 20. Nd2 Ne7 21.
Rf6 Qg8 22. Re1 d5 23. Nf3 Ng6 24. Qg5 Kd7 25. Ne5+ Nxe5 26. Qxe5 Rd6 27. Ref1
Qe8 28. Rf7+ Kc8 29. Qg7 Rg8 30. Rxc7+ Kd8 31. Qxh7 1-0

[Event "42nd Guernsey Open 2016"]
[Site "Vale GCI"]
[Date "2016.10.18"]
[Round "3.9"]
[White "Morcom, Huw"]
[Black "Hoogland, Rob"]
[Result "1-0"]
[WhiteElo "1961"]
[BlackElo "1813"]
[PlyCount "73"]
[EventDate "2016.10.16"]
[EventType "swiss"]
[EventRounds "7"]
[EventCountry "GCI"]

1. e4 c5 2. Nf3 g6 3. d3 Bg7 4. Be2 Nc6 5. O-O e6 6. Nbd2 Nge7 7. Re1 O-O 8.
Bf1 d5 9. c3 b5 10. Nb3 Qb6 11. Be3 d4 12. cxd4 cxd4 13. Bg5 e5 14. Qd2 f6 15.
Bh6 Be6 16. Bxg7 Kxg7 17. Rec1 Bxb3 18. axb3 a5 19. Be2 Nb4 20. h4 Qd6 21. Nh2
h5 22. g4 hxg4 23. Bxg4 Rh8 24. Nf3 Rh6 25. Kg2 Nec6 26. Rh1 Qe7 27. Rag1 Rhh8
28. Kf1 Kf7 29. h5 g5 30. Bf5 Rag8 31. h6 Qc5 32. h7 Rg7 33. Nxg5+ fxg5 34.
Rxg5 Qf8 35. Rhg1 Rgxh7 36. Bxh7 Rxh7 37. Rf5+ 1-0

[Event "42nd Guernsey Open 2016"]
[Site "Vale GCI"]
[Date "2016.10.18"]
[Round "3.9"]
[White "Magnussen, Pal"]
[Black "Marley, Andrew SG"]
[Result "1/2-1/2"]
[WhiteElo "1926"]
[BlackElo "1957"]
[PlyCount "106"]
[EventDate "2016.10.16"]
[EventType "swiss"]
[EventRounds "7"]
[EventCountry "GCI"]

1. e4 c5 2. Nf3 d6 3. d4 cxd4 4. Nxd4 Nf6 5. Nc3 a6 6. a4 Nc6 7. Be2 Bd7 8. Nb3
e6 9. Be3 Be7 10. a5 Nb4 11. O-O O-O 12. f3 Qc7 13. Bb6 Qb8 14. Kh1 Rc8 15. Rc1
d5 16. exd5 Nbxd5 17. Nxd5 Nxd5 18. Bg1 Ba4 19. Nd2 Bg5 20. b3 Nc3 21. Qe1 Rd8
22. Bd3 Bb5 23. Nc4 Bxc4 24. Bxc4 Bd2 25. Qh4 Bxc1 26. Rxc1 Qd6 27. Bd3 g6 28.
b4 Rac8 29. Re1 Nb5 30. Qf6 Rd7 31. Re4 Qe7 32. Qe5 Rcd8 33. Bxb5 Rd5 34. Qc3
axb5 35. h3 Qd6 36. Re1 Rd1 37. Rxd1 Qxd1 38. Qf6 Rc8 39. Kh2 Qd6+ 40. f4 Rc4
41. Be3 Qd5 42. c3 e5 43. fxe5 Re4 44. Bd4 Re2 45. Qg5 h6 46. Qg3 h5 47. Qg5
Qe4 48. Qd8+ Kh7 49. Qg5 Ra2 50. Qg3 Qe2 51. Qg5 Rc2 52. Qg3 Qf1 53. e6 Rc1
1/2-1/2

[Event "42nd Guernsey Open 2016"]
[Site "Vale GCI"]
[Date "2016.10.18"]
[Round "3.9"]
[White "Downey, Keith"]
[Black "Ippel, Cornelius J"]
[Result "1/2-1/2"]
[WhiteElo "1829"]
[BlackElo "1720"]
[PlyCount "107"]
[EventDate "2016.10.16"]
[EventType "swiss"]
[EventRounds "7"]
[EventCountry "GCI"]

1. c4 e6 2. Nf3 d5 3. d4 c5 4. cxd5 exd5 5. g3 Nc6 6. Bg2 c4 7. O-O Nf6 8. b3
cxb3 9. Qxb3 Be7 10. Nc3 Na5 11. Qd1 O-O 12. Ne5 Bb4 13. Bd2 Be6 14. Qa4 Bxc3
15. Bxc3 Nc6 16. Nxc6 bxc6 17. Bb4 Re8 18. Qxc6 Bd7 19. Qa6 Re6 20. Qa3 Bb5 21.
Bf3 Bxe2 22. Rfe1 Bxf3 23. Qxf3 Ne4 24. Qg2 Qf6 25. Rad1 Rae8 26. h4 Qf5 27. a3
g5 28. f3 Nf6 29. Rxe6 Rxe6 30. hxg5 Qxg5 31. Bd2 Qg6 32. Be1 Re3 33. a4 Qf5
34. f4 Qe6 35. Bf2 Re2 36. Qf3 Ra2 37. Re1 Ne4 38. f5 Qh6 39. Rxe4 dxe4 40.
Qxe4 Ra1+ 41. Be1 Ra3 42. Bf2 Qc1+ 43. Kg2 Ra1 44. Qe8+ Kg7 45. Qe5+ Kf8 46.
Qh8+ Ke7 47. Qe5+ Kd7 48. Qd5+ Kc8 49. Qa8+ Kd7 50. Qd5+ Kc7 51. Qxf7+ Kb8 52.
Qb3+ Kc7 53. Qf7+ Kb8 54. Qb3+ 1/2-1/2

[Event "42nd Guernsey Open 2016"]
[Site "Vale GCI"]
[Date "2016.10.18"]
[Round "3.9"]
[White "Murray, J Stephen"]
[Black "Boldt, Heinrich"]
[Result "1/2-1/2"]
[WhiteElo "1795"]
[BlackElo "1874"]
[PlyCount "34"]
[EventDate "2016.10.16"]
[EventType "swiss"]
[EventRounds "7"]
[EventCountry "GCI"]

1. e4 d6 2. d4 Nf6 3. Nc3 Nbd7 4. Nf3 e5 5. Bc4 Be7 6. O-O O-O 7. Re1 c6 8. a4
a5 9. Bb3 Qc7 10. h3 h6 11. Be3 Nh7 12. Qd2 Re8 13. Rad1 Ndf8 14. Qd3 Bf6 15.
d5 c5 16. Nb5 Qd8 17. Bc4 g5 1/2-1/2

[Event "42nd Guernsey Open 2016"]
[Site "Vale GCI"]
[Date "2016.10.18"]
[Round "3.9"]
[White "Frijling, Jeroen"]
[Black "Gravett, Alan D"]
[Result "1-0"]
[WhiteElo "1778"]
[BlackElo "1844"]
[PlyCount "85"]
[EventDate "2016.10.16"]
[EventType "swiss"]
[EventRounds "7"]
[EventCountry "GCI"]

1. d4 Nf6 2. c4 d6 3. Nc3 e5 4. Nf3 exd4 5. Nxd4 g6 6. e4 Bg7 7. f3 O-O 8. Be3
Nbd7 9. Qd2 a5 10. O-O-O a4 11. g4 Nc5 12. h4 Bxg4 13. fxg4 Nxg4 14. Bg5 f6 15.
Bf4 Qe8 16. Bg2 g5 17. Bg3 Ne5 18. Bxe5 Qxe5 19. Nf5 a3 20. Qd5+ Kh8 21. Qxe5
fxe5 22. hxg5 axb2+ 23. Kxb2 Na4+ 24. Nxa4 Rxa4 25. Kb3 Rfa8 26. Ra1 Ra3+ 27.
Kb2 R3a4 28. Rh2 Bf8 29. g6 h6 30. Bf1 b5 31. cxb5 Rxe4 32. Nxh6 Bxh6 33. Rxh6+
Kg8 34. Rh7 Ra7 35. Bd3 Rg4 36. Kb3 Rg3 37. Kc2 Rg2+ 38. Kb1 Rg1+ 39. Kb2 Rg2+
40. Bc2 Ra4 41. Rg1 Rxg1 42. Bxa4 Rxg6 43. Rxc7 1-0

[Event "42nd Guernsey Open 2016"]
[Site "Vale GCI"]
[Date "2016.10.19"]
[Round "4.1"]
[White "Hillarp Persson, Tiger"]
[Black "Le Roux, Jean Pierre"]
[Result "1-0"]
[WhiteElo "2513"]
[BlackElo "2549"]
[PlyCount "73"]
[EventDate "2016.10.16"]
[EventType "swiss"]
[EventRounds "7"]
[EventCountry "GCI"]

1. d4 Nf6 2. c4 c5 3. d5 b5 4. cxb5 a6 5. bxa6 g6 6. Nc3 Bg7 7. Nf3 O-O 8. e4
Qa5 9. Nd2 Bxa6 10. Be2 d6 11. O-O Bxe2 12. Qxe2 Nbd7 13. Nc4 Qa6 14. a4 Rfb8
15. Ra3 Rb4 16. b3 Nb6 17. Nb5 Qb7 18. Qc2 Nfd7 19. Nd2 Ne5 20. f4 Ned7 21. h3
c4 22. bxc4 Rc8 23. Rb3 Rxa4 24. Rb1 Qa6 25. Qd3 Nxc4 26. Nf3 Ncb6 27. e5 Nc5
28. Qd1 Ne4 29. Re1 Rac4 30. exd6 exd6 31. Rxe4 Rxe4 32. Nxd6 Rec4 33. Be3 Qa4
34. Qxa4 Nxa4 35. Nxc4 Rxc4 36. Rb8+ Bf8 37. d6 1-0

[Event "42nd Guernsey Open 2016"]
[Site "Vale GCI"]
[Date "2016.10.19"]
[Round "4.2"]
[White "Rosen, Daniel B"]
[Black "Korneev, Oleg"]
[Result "0-1"]
[WhiteElo "2034"]
[BlackElo "2581"]
[PlyCount "94"]
[EventDate "2016.10.16"]
[EventType "swiss"]
[EventRounds "7"]
[EventCountry "GCI"]

1. e4 c5 2. Nc3 e6 3. d3 Nc6 4. g3 Nf6 5. Bg2 Be7 6. Nge2 d5 7. O-O d4 8. Nb1
e5 9. a4 a6 10. Nd2 h5 11. f4 h4 12. Nf3 hxg3 13. Nxg3 Ng4 14. f5 c4 15. h3 Ne3
16. Bxe3 dxe3 17. dxc4 Qb6 18. Kh2 Qxb2 19. Re1 Nd4 20. Rb1 Nxf3+ 21. Qxf3 Qxc2
22. Qxe3 Qxa4 23. Qc3 f6 24. Bf3 Qc6 25. Bh5+ Kf8 26. Rbd1 Bd7 27. Rd5 Be8 28.
Bxe8 Kxe8 29. Red1 Rc8 30. Qb3 b5 31. c5 a5 32. Qf3 b4 33. Qg4 Kf8 34. Nh5 Rg8
35. Rg1 Bxc5 36. Rc1 Qb6 37. Qg6 Qb5 38. Kh1 Qe2 39. Qg4 Qe3 40. Rcd1 Bd4 41.
Rd7 Rc1 42. Rxc1 Qxc1+ 43. Kh2 Qc2+ 44. Kh1 Qc8 45. Rxg7 Qc1+ 46. Kh2 Qg1+ 47.
Qxg1 Bxg1+ 0-1

[Event "42nd Guernsey Open 2016"]
[Site "Vale GCI"]
[Date "2016.10.19"]
[Round "4.3"]
[White "Reijneveld, Ad"]
[Black "Hewson, Brian Wr"]
[Result "1-0"]
[WhiteElo "2092"]
[BlackElo "2068"]
[PlyCount "69"]
[EventDate "2016.10.16"]
[EventType "swiss"]
[EventRounds "7"]
[EventCountry "GCI"]

1. e4 c6 2. Nc3 d5 3. Nf3 Bg4 4. h3 Bxf3 5. Qxf3 e6 6. d3 Nd7 7. Qg3 g6 8. Be2
Bg7 9. O-O h5 10. exd5 cxd5 11. Nb5 Be5 12. Bf4 Bxf4 13. Qxf4 Qb8 14. Qb4 a5
15. Qc3 d4 16. Qxd4 Ngf6 17. Nd6+ Ke7 18. Ne4 Nxe4 19. dxe4 Qe5 20. Qxe5 Nxe5
21. f4 Nc6 22. c3 a4 23. Rad1 Ra5 24. h4 Rd8 25. Rxd8 Nxd8 26. Rd1 Nc6 27. a3
Rc5 28. Kf2 b6 29. Rd2 Ra5 30. e5 Rc5 31. g3 Na5 32. Rd4 b5 33. Rb4 Nc4 34.
Bxc4 bxc4 35. Ke3 1-0

[Event "42nd Guernsey Open 2016"]
[Site "Vale GCI"]
[Date "2016.10.19"]
[Round "4.4"]
[White "Purdon, Colin"]
[Black "Abbas, Daniel"]
[Result "0-1"]
[WhiteElo "2053"]
[BlackElo "2294"]
[PlyCount "42"]
[EventDate "2016.10.16"]
[EventType "swiss"]
[EventRounds "7"]
[EventCountry "GCI"]

1. d4 Nf6 2. c4 c5 3. d5 e6 4. Nc3 exd5 5. cxd5 d6 6. Nf3 g6 7. Nd2 Bg7 8. e4
O-O 9. Be2 a6 10. a4 Nbd7 11. O-O Re8 12. Ra3 b6 13. f4 Qc7 14. Bf3 Rb8 15. Be2
c4 16. b4 cxb3 17. Qxb3 Nc5 18. Qb1 Bg4 19. Bxg4 Nxg4 20. Nf3 b5 21. axb5 axb5
0-1

[Event "42nd Guernsey Open 2016"]
[Site "Vale GCI"]
[Date "2016.10.19"]
[Round "4.5"]
[White "Parligras, Cosmin"]
[Black "Hamperl, Fred"]
[Result "1-0"]
[WhiteElo "2263"]
[BlackElo "2055"]
[PlyCount "55"]
[EventDate "2016.10.16"]
[EventType "swiss"]
[EventRounds "7"]
[EventCountry "GCI"]

1. e4 c5 2. c3 e6 3. Nf3 Nc6 4. d4 d5 5. exd5 exd5 6. Bb5 Bd6 7. O-O Nge7 8.
dxc5 Bxc5 9. Nbd2 O-O 10. Nb3 Bb6 11. Re1 Bg4 12. h3 Bh5 13. Be3 Bxe3 14. Rxe3
Qd6 15. Qd2 Rad8 16. Nfd4 a6 17. Bxc6 bxc6 18. Rxe7 Qxe7 19. Nxc6 Qe2 20. Qxe2
Bxe2 21. Nxd8 Rxd8 22. Nd4 Bc4 23. b3 Bd3 24. Nc6 Rd6 25. Nb4 Bf5 26. Rd1 Be6
27. c4 a5 28. Nxd5 1-0

[Event "42nd Guernsey Open 2016"]
[Site "Vale GCI"]
[Date "2016.10.19"]
[Round "4.6"]
[White "Hoogland, Dirk"]
[Black "Collier, David O"]
[Result "1-0"]
[WhiteElo "2139"]
[BlackElo "2024"]
[PlyCount "49"]
[EventDate "2016.10.16"]
[EventType "swiss"]
[EventRounds "7"]
[EventCountry "GCI"]

1. c4 e5 2. g3 Nf6 3. Nc3 d5 4. cxd5 Nxd5 5. Bg2 Nb6 6. d3 Be7 7. Nf3 Nc6 8.
O-O Be6 9. a3 g5 10. b4 g4 11. Nd2 f5 12. Bb2 a6 13. Rc1 Qd7 14. Na4 Nd5 15.
Nc5 Qc8 16. Nxe6 Qxe6 17. Qb3 O-O-O 18. e4 Nf4 19. gxf4 Qh6 20. exf5 Qxf4 21.
Qe6+ Kb8 22. Ne4 Rd6 23. Nxd6 Bxd6 24. Rxc6 bxc6 25. Be4 1-0

[Event "42nd Guernsey Open 2016"]
[Site "Vale GCI"]
[Date "2016.10.19"]
[Round "4.7"]
[White "Tunge, Christian"]
[Black "Maloberti, David"]
[Result "1-0"]
[WhiteElo "2018"]
[BlackElo "2123"]
[PlyCount "73"]
[EventDate "2016.10.16"]
[EventType "swiss"]
[EventRounds "7"]
[EventCountry "GCI"]

1. c4 Nf6 2. g3 d6 3. Bg2 g6 4. Nc3 Bg7 5. Rb1 O-O 6. b4 Nc6 7. b5 Ne5 8. d3
Nh5 9. Bd2 f5 10. Nd5 e6 11. Nf4 Nxf4 12. gxf4 Nf7 13. h4 e5 14. h5 g5 15. fxg5
Nxg5 16. h6 Bf6 17. f4 Ne6 18. Nh3 Bh4+ 19. Kf1 Kh8 20. e3 a6 21. a4 axb5 22.
axb5 Bf6 23. Qb3 Nc5 24. Qc2 Qe7 25. Nf2 Rg8 26. Bc3 exf4 27. exf4 Na4 28. Re1
Qf8 29. Ba1 Bxa1 30. Rxa1 Qf6 31. Rxa4 Rxa4 32. Qxa4 Qc3 33. Qd1 Re8 34. Bd5
Qd4 35. Qh5 Bd7 36. Qf7 Ra8 37. Qxd7 1-0

[Event "42nd Guernsey Open 2016"]
[Site "Vale GCI"]
[Date "2016.10.19"]
[Round "4.8"]
[White "Thurlow, Kevin J"]
[Black "Curtis, John E"]
[Result "1/2-1/2"]
[WhiteElo "1974"]
[BlackElo "2088"]
[PlyCount "83"]
[EventDate "2016.10.16"]
[EventType "swiss"]
[EventRounds "7"]
[EventCountry "GCI"]

1. c4 e5 2. Nc3 d6 3. g3 f5 4. Bg2 Nf6 5. e3 Be7 6. Nge2 O-O 7. O-O Qe8 8. d4
Qh5 9. b4 g5 10. f4 gxf4 11. gxf4 e4 12. Ng3 Qg6 13. a3 a5 14. Bd2 axb4 15.
axb4 Rxa1 16. Qxa1 d5 17. cxd5 Qf7 18. Rc1 Na6 19. Qa4 Nxd5 20. Nxd5 Qxd5 21.
Bf1 Qd6 22. Bc4+ Kh8 23. Bxa6 bxa6 24. Rc6 Qd8 25. Qc2 Bd6 26. d5 Bb7 27. Qb2+
Kg8 28. Rc2 Qh4 29. Qd4 Qf6 30. Bc3 Qxd4 31. Bxd4 Rf7 32. Nh5 Kf8 33. Be5 Bxe5
34. fxe5 Bxd5 35. Nf6 c6 36. Rc5 Rb7 37. Nxd5 cxd5 38. Rxd5 Rxb4 39. e6 Rb5 40.
Rd7 Re5 41. Rxh7 Rxe6 42. Ra7 1/2-1/2

[Event "42nd Guernsey Open 2016"]
[Site "Vale GCI"]
[Date "2016.10.19"]
[Round "4.9"]
[White "Prins, Jan H"]
[Black "Aristegui, Michel"]
[Result "0-1"]
[WhiteElo "2078"]
[BlackElo "2052"]
[PlyCount "170"]
[EventDate "2016.10.16"]
[EventType "swiss"]
[EventRounds "7"]
[EventCountry "GCI"]

1. d4 e6 2. h3 d5 3. Nf3 Nf6 4. e3 c5 5. c3 Nc6 6. b3 cxd4 7. exd4 Bd6 8. Bd3
O-O 9. O-O e5 10. dxe5 Nxe5 11. Nxe5 Bxe5 12. Be3 Re8 13. Bd4 Bxd4 14. cxd4 Qa5
15. Qd2 Qb6 16. Nc3 Bd7 17. Rae1 Kf8 18. Bb1 Rac8 19. Re5 Qb4 20. Ne4 Qxd2 21.
Nxd2 Rc3 22. Rfe1 Rec8 23. Kh2 Rc1 24. Nf3 g6 25. R5e3 Rxe1 26. Rxe1 Rc3 27.
Re3 Rc1 28. Re1 Rxe1 29. Nxe1 Ne4 30. Bxe4 dxe4 31. Kg3 g5 32. h4 h6 33. hxg5
hxg5 34. f3 exf3 35. gxf3 Ke7 36. Kf2 Kd6 37. Nd3 f5 38. Ne5 Be6 39. Ke3 Kd5
40. Kd3 g4 41. f4 g3 42. Ke3 g2 43. Nf3 Bf7 44. Kf2 Bh5 45. Nd2 Kxd4 46. Kxg2
Ke3 47. Nc4+ Kxf4 48. Kf2 Bf7 49. Nd6 Bd5 50. Nb5 a6 51. Nc7 Ke4 52. Ke2 Kd4
53. Kd2 f4 54. Ne8 f3 55. Nf6 Be6 56. a3 Bh3 57. Ke1 Bf5 58. b4 Be4 59. Kd2 Bc6
60. Ng4 Kc4 61. Nf2 Kb3 62. Nd3 Kxa3 63. Kc3 Be4 64. Nf2 Bf5 65. Nh1 b6 66. Nf2
Ka4 67. Nd1 a5 68. bxa5 Kxa5 69. Kd4 Bd7 70. Nf2 b5 71. Kc3 Ka4 72. Kb2 Kb4 73.
Ne4 Bc6 74. Nf2 Kc4 75. Kc2 b4 76. Kb2 Bd5 77. Kc2 Kd4 78. Kd2 Bc4 79. Nd1 Ke4
80. Nf2+ Kf4 81. Nh1 b3 82. Kc3 Be6 83. Kd3 Bf5+ 84. Kc3 Bc2 85. Kd2 Kg4 0-1

[Event "42nd Guernsey Open 2016"]
[Site "Vale GCI"]
[Date "2016.10.19"]
[Round "4.9"]
[White "Heppell, Ian N"]
[Black "Dilleigh, Stephen P"]
[Result "1/2-1/2"]
[WhiteElo "2066"]
[BlackElo "2004"]
[PlyCount "32"]
[EventDate "2016.10.16"]
[EventType "swiss"]
[EventRounds "7"]
[EventCountry "GCI"]

1. e4 e6 2. d4 d5 3. Nc3 Nf6 4. e5 Nfd7 5. f4 c5 6. Nf3 Nc6 7. Be3 Qb6 8. Qd2
Qxb2 9. Rb1 Qa3 10. Be2 a6 11. O-O cxd4 12. Nxd4 Nxd4 13. Bxd4 Bc5 14. Kh1 Bxd4
15. Qxd4 Qc5 16. Qd2 g6 1/2-1/2

[Event "42nd Guernsey Open 2016"]
[Site "Vale GCI"]
[Date "2016.10.19"]
[Round "4.9"]
[White "Okhai, Shabir"]
[Black "French, Max"]
[Result "1-0"]
[WhiteElo "2072"]
[BlackElo "1983"]
[PlyCount "61"]
[EventDate "2016.10.16"]
[EventType "swiss"]
[EventRounds "7"]
[EventCountry "GCI"]

1. e4 c6 2. d4 d5 3. Nd2 dxe4 4. Nxe4 Bf5 5. Ng3 Bg6 6. Nf3 Nd7 7. Bd3 Bxd3 8.
Qxd3 e6 9. O-O Ngf6 10. Re1 Be7 11. c4 O-O 12. Bf4 Re8 13. a3 a5 14. Rad1 Nf8
15. Ne4 Nxe4 16. Qxe4 Ng6 17. Bd2 Qc7 18. g3 Rad8 19. h4 Nf8 20. h5 c5 21. h6
g6 22. Bf4 Bd6 23. Bxd6 Qxd6 24. dxc5 Qxd1 25. Rxd1 Rxd1+ 26. Kg2 Nd7 27. b4
axb4 28. Qc2 bxa3 29. Qxd1 Ra8 30. Qxd7 a2 31. Ne5 1-0